| 000 | 03382nam a2200745 4500 | ||
|---|---|---|---|
| 001 | 32735 | ||
| 003 | AR-RoBPED | ||
| 005 | 20260512173414.0 | ||
| 008 | 260508s1968 ag|abhd| |||| 001 0 spa | | ||
| 040 | _aAR-RoBPED | ||
| 041 | _aspa | ||
| 100 | 1 |
_aLevillier, Roberto _d1886-1969 _97349 _edir. |
|
| 245 | 1 | 0 |
_aHistoria argentina / _cDirección de Roberto Levillier ; explicación editorial de José Ignacio Ramos |
| 260 |
_aBuenos Aires : _bPlaza & Janes, _c1968. |
||
| 300 |
_a5 v : _bil., map., gráf., facs. |
||
| 490 | 0 | _aColección Historia de los pueblos de América | |
| 505 | 0 | _av.1: Libro 1: | |
| 505 | 0 | _aEl ámbito territorial. | |
| 505 | 0 | _aModalidades y naturaleza de los aborígenes. | |
| 505 | 0 | _aLibro 2: | |
| 505 | 0 | _aDescubrimientos marítimos. | |
| 505 | 0 | _av.2: Libro 3: | |
| 505 | 0 | _aCreación de gobernaciones y ciudades en la Argentina. | |
| 505 | 0 | _aEl virreinato del Perú y Chile (1534-1573). | |
| 505 | 0 | _aLibro 3: | |
| 505 | 0 | _aContinuación. | |
| 505 | 0 | _aLibro 4: | |
| 505 | 0 | _aOrganización política, jurídica, administrativa y religiosa. | |
| 505 | 0 | _aLibro 5: | |
| 505 | 0 | _aFormas de civilización. | |
| 505 | 0 | _aLibro 6: | |
| 505 | 0 | _aEl afianzamiento de la Revolución (1810-1819). | |
| 505 | 0 | _aLibro 7: | |
| 505 | 0 | _aLuchas por la Independencia (1814-1824). | |
| 505 | 0 | _aLibro 8: | |
| 505 | 0 | _aLuchas por el poder. | |
| 505 | 0 | _aEntre ideólogos y entre caudillos y federales. | |
| 505 | 0 | _av.3: | |
| 505 | 0 | _aLas castas de la vida de las gobernaciones del virreinato . Importancia de cada sangre en la fusión étnica hasta 1810. | |
| 505 | 0 | _aLa arquitectura colonial y las artes en las gobernaciones de Tucumán, Cuyo y Río de La Plata en la época colonial. | |
| 505 | 0 | _aRégimen monetario en el período colonial. | |
| 505 | 0 | _aCiudades y pueblos principales fundados hasta 1810. | |
| 505 | 0 | _aObra de los gobiernos patrios desde la expulsión del Virrey y la audiencia hasta el Directorio de Pueyrredón. Artes, ciencias y letras en se período. | |
| 505 | 0 | _aExtensión de la revolución: campañas militares (1810-1818). | |
| 505 | 0 | _aLa revolución y la legitimidad del poder. | |
| 505 | 0 | _aPlan continental y campaña libertadora de San Martín en Chile. | |
| 505 | 0 | _aLa batalla de la frontera norte. San Martín y la táctica de Güemes. Invasiones realistas. Muerte de Güemes (1810-1821). | |
| 505 | 0 | _aContinuación de la campaña de independencia del Perú hasta el regreso de San Martín a Buenos Aires. | |
| 505 | 0 | _aLa batalla de la frontera norte (1821-1825). | |
| 505 | 0 | _aLos gobiernos patrios, los caudillos y la anarquía (1819-1829). | |
| 505 | 0 | _aPersistencia de la anarquía y primer gobierno de Rosas (1829-1832) y los de Balcarce Viamonte y Maza (1832-1834). Segundo gobierno de Rosas (1835-1852). | |
| 505 | 0 | _av.4: Libro 8: | |
| 505 | 0 | _aContinuación. | |
| 505 | 0 | _aLibro 9: | |
| 505 | 0 | _aRégimen de gobierno presidencial. | |
| 505 | 0 | _av.5: Libro 10: | |
| 505 | 0 | _aAspectos de la evolución social y económica. | |
| 505 | 0 | _aLibro 11: | |
| 505 | 0 | _aCultura, ciencias artes y letras. | |
| 650 | 4 |
_aHISTORIA _9125 |
|
| 651 | 0 | _aArgentina | |
| 700 | 1 |
_aRamos, José Ignacio _930916 _enot. |
|
| 942 |
_2udc _ak. 32735 _cBK _h982 _kD _mL 54 _pInv. 4451-4452-4453-4454-4455-4456 |
||
| 945 | _aag 08/05/2026 | ||
| 999 |
_c32735 _d32735 |
||